Universitas melléklet. Egységes, egyetlen egyetem?

Elmentve itt :
Bibliográfiai részletek
Dokumentumtípus: Cikk
Megjelent: 1996-04-24
Sorozat:Délmagyarország 86 No. 96
Kulcsszavak:Universitás
Online Access:http://dmarchiv.bibl.u-szeged.hu/79508
LEADER 00424nab a2200145 i 4500
001 delm79508
005 20191014141701.0
008 191014s1996 hu o 0|| hun d
040 |a SZTE Délmagyarország Archívum  |b hun 
041 |a hun 
245 0 0 |a Universitas melléklet. Egységes, egyetlen egyetem?  |h [elektronikus dokumentum] 
260 |c 1996-04-24 
300 |a 1, 8-9 
490 0 |a Délmagyarország  |v 86 No. 96 
695 |a Universitás